000 00660cab a2200217 4500
001 X1989
008 090401t1995 xxu||||| |||| 00| 0 eng d
035 _a(Sirsi) u20902
041 _aeng
245 _aEnvironmental regulations: information papers published
260 _c1995
350 _a0
490 _aCSM (Chartered Surveyor Monthly)
_v4(4) February 1995, 20(1)
650 _aDEFINITION OF WASTE
650 _aENVIRONMENTAL PROTECTION ACT 1990
650 _aFINANCIAL IMPLICATIONS OF THE INTRODUCTION OF THE EPA PT 2
650 _aFIT AND PROPER PERSONS
690 _aENVIRONMENTAL AND LAND CONSULTANCY
942 _n0
948 _c04/03/1997
999 _c14012
_d14012